[Event "Chigorin Memorial 23rd"]
[Site "St Petersburg"]
[Date "2015.10.10"]
[Round "8"]
[White "Lemeshev, Roman"]
[Black "Shugalei, Mikhail"]
[Result "0-1"]
[WhiteElo "1763"]
[BlackElo "1663"]
[PlyCount "70"]
[EventDate "2015.10.03"]
[EventType "swiss"]
[EventRounds "9"]
[EventCountry "RUS"]
[SourceTitle "CBM 168 Extra"]
[Source "ChessBase"]
[SourceDate "2015.10.29"]
[SourceVersion "1"]
[SourceVersionDate "2015.10.29"]
[SourceQuality "1"]

1. e4 c5 2. Nf3 Nc6 3. d4 cxd4 4. Nxd4 Nf6 5. Nc3 g6 6. Be3 Bg7 7. Be2 0-0 8. Nb3 d6 9. f4 e5 10. Qd2 Ng4 11. Bxg4 Bxg4 12. 0-0 exf4 13. Bxf4 Ne5 14. h3 Be6 15. Bxe5 dxe5 16. Nd5 Bxd5 17. exd5 Qb6+ 18. Kh1 Rad8 19. c4 Qd6 20. Rac1 e4 21. Rfe1 f5 22. Na5 Qg3 23. b3 Be5 24. Kg1 Bf4 25. Qc3 Qh2+ 26. Kf1 Qh1+ 27. Kf2 Qh2 28. Rc2 e3+ 29. Ke2 Bg3 30. Rec1 Qxg2+ 31. Kd3 Qe4+ 32. Ke2 f4 33. Kd1 f3 34. Nxb7 e2+ 35. Rxe2 Qxe2# 0-1

[Event "Chigorin Memorial 23rd"]
[Site "St Petersburg"]
[Date "2015.10.09"]
[Round "7"]
[White "Gadzhiev, Farid"]
[Black "Shugalei, Mikhail"]
[Result "1-0"]
[WhiteElo "1894"]
[BlackElo "1663"]
[PlyCount "73"]
[EventDate "2015.10.03"]
[EventType "swiss"]
[EventRounds "9"]
[EventCountry "RUS"]
[SourceTitle "CBM 168 Extra"]
[Source "ChessBase"]
[SourceDate "2015.10.29"]
[SourceVersion "1"]
[SourceVersionDate "2015.10.29"]
[SourceQuality "1"]

1. e4 e5 2. Nf3 Nc6 3. Bc4 Be7 4. d4 exd4 5. Nxd4 Nf6 6. Nc3 0-0 7. 0-0 Ne5 8. Bb3 d6 9. f4 Ned7 10. Qf3 Nc5 11. h3 c6 12. Be3 Nxb3 13. axb3 c5 14. Nde2 a6 15. Rad1 Qc7 16. g4 b5 17. g5 Nd7 18. Nd5 Qd8 19. Ng3 Nb6 20. Nxb6 Qxb6 21. f5 Bd8 22. Qh5 d5 23. Rxd5 Bb7 24. Rxc5 Qd6 25. e5 Qd7 26. Rf4 Bb6 27. Rh4 h6 28. Rd4 Qe7 29. gxh6 Bxc5 30. hxg7 f6 31. gxf8Q+ Kxf8 32. Qh8+ Kf7 33. e6+ Qxe6 34. fxe6+ Kxe6 35. Qh7 Bxd4 36. Bxd4 Bd5 37. Qf5+ 1-0

[Event "Chigorin Memorial 23rd"]
[Site "St Petersburg"]
[Date "2015.10.06"]
[Round "4"]
[White "Chechetko, Georgy"]
[Black "Shugalei, Mikhail"]
[Result "1-0"]
[WhiteElo "1827"]
[BlackElo "1663"]
[PlyCount "77"]
[EventDate "2015.10.03"]
[EventType "swiss"]
[EventRounds "9"]
[EventCountry "RUS"]
[SourceTitle "CBM 168 Extra"]
[Source "ChessBase"]
[SourceDate "2015.10.29"]
[SourceVersion "1"]
[SourceVersionDate "2015.10.29"]
[SourceQuality "1"]

1. e4 c5 2. Nc3 Nc6 3. g3 Nf6 4. Bg2 e6 5. Nge2 d6 6. 0-0 e5 7. d3 Be7 8. Nd5 Nxd5 9. exd5 Nd4 10. c3 Nxe2+ 11. Qxe2 0-0 12. Be3 Bg5 13. Rae1 b6 14. Bxg5 Qxg5 15. f4 exf4 16. Rxf4 Bd7 17. Qe7 Qxe7 18. Rxe7 Bb5 19. c4 Ba4 20. b3 Be8 21. Bh3 g6 22. Rf6 Rd8 23. Rxa7 Kg7 24. Rf2 b5 25. Re2 b4 26. Ree7 Kf6 27. Kf2 Ra8 28. Ke3 h5 29. d4 g5 30. dxc5 Rxa7 31. Rxa7 g4 32. Bg2 dxc5 33. Rc7 Ke5 34. Rxc5 f5 35. Rc8 h4 36. c5 Rh8 37. d6 hxg3 38. hxg3 Rh2 39. Rxe8+ 1-0

[Event "Chigorin Memorial 23rd"]
[Site "St Petersburg"]
[Date "2015.10.04"]
[Round "2"]
[White "Shugalei, Mikhail"]
[Black "Khalaji, Hanieh"]
[Result "0-1"]
[WhiteElo "1663"]
[BlackElo "2006"]
[PlyCount "114"]
[EventDate "2015.10.03"]
[EventType "swiss"]
[EventRounds "9"]
[EventCountry "RUS"]
[SourceTitle "CBM 168 Extra"]
[Source "ChessBase"]
[SourceDate "2015.10.29"]
[SourceVersion "1"]
[SourceVersionDate "2015.10.29"]
[SourceQuality "1"]

1. Nf3 d5 2. e3 Nf6 3. c4 c6 4. d4 e6 5. Nbd2 Nbd7 6. Bd3 Bd6 7. 0-0 e5 8. e4 0-0 9. cxd5 cxd5 10. exd5 exd4 11. Nc4 Bb8 12. Nxd4 Nc5 13. Bb1 Qxd5 14. Ne3 Qd6 15. Nf3 Qc7 16. Qc2 Nfe4 17. b4 Ng5 18. Kh1 Nce4 19. Qxc7 Bxc7 20. Nd5 Bd8 21. Nxg5 Nxg5 22. Bb2 Bd7 23. Re1 Bc6 24. Ne7+ Bxe7 25. Rxe7 Rad8 26. Bc3 Ne6 27. Bf5 Nf4 28. Be4 Bd5 29. Bd2 Bxe4 30. Bxf4 Rd4 31. a3 Rfd8 32. Re1 Kf8 33. Rc7 Bc6 34. Bg3 Re4 35. Ra1 a6 36. h3 f5 37. f3 Re2 38. Bh4 Rdd2 39. Rc8+ Kf7 40. Rc7+ Kg6 41. Rg1 Kh6 42. Re7 Bxf3 43. Rxe2 Bxe2 44. a4 g5 45. Be1 Rc2 46. Kh2 f4 47. a5 Bb5 48. Kh1 Kg6 49. Kh2 h5 50. Kh1 Bc6 51. Kh2 h4 52. Kh1 f3 53. b5 axb5 54. Bb4 f2 55. Rf1 Bd5 56. Rd1 Bc4 57. Rd6+ Kf5 0-1

[Event "Chigorin Memorial 22nd"]
[Site "St Petersburg"]
[Date "2014.10.23"]
[Round "6"]
[White "Nuritdinov, Nizomiddin"]
[Black "Shugalei, Mikhail"]
[Result "1-0"]
[WhiteElo "1898"]
[BlackElo "1649"]
[PlyCount "117"]
[EventDate "2014.10.18"]
[EventType "swiss"]
[EventRounds "9"]
[EventCountry "RUS"]
[SourceTitle "EXT 2015"]
[Source "ChessBase"]
[SourceDate "2014.11.20"]
[SourceVersion "1"]
[SourceVersionDate "2014.11.20"]
[SourceQuality "1"]

1. d4 Nf6 2. Nf3 g6 3. Bg5 Bg7 4. c3 d6 5. Nbd2 0-0 6. e4 Nbd7 7. Bd3 Re8 8. 0-0 Nf8 9. Re1 Ne6 10. Be3 c5 11. Qe2 Nd7 12. Rad1 b6 13. Bb5 Qc7 14. d5 Nd8 15. Ng5 a6 16. Bd3 Ne5 17. f4 Bg4 18. Ngf3 Nxd3 19. Qxd3 e6 20. h3 Bxf3 21. Nxf3 exd5 22. Qxd5 Qb7 23. Bf2 Qxd5 24. Rxd5 Nb7 25. g4 Re7 26. Bh4 Re6 27. f5 Ree8 28. f6 Bh6 29. g5 Bf8 30. Bg3 Re6 31. Kf2 Rae8 32. Nd2 h6 33. h4 h5 34. Kf3 b5 35. a4 b4 36. Nc4 a5 37. Nb6 Rd8 38. Rdd1 Kh7 39. Nd5 Rd7 40. Re2 Nd8 41. Nb6 Rb7 42. Nc4 bxc3 43. bxc3 Rb3 44. Rd3 Nb7 45. Red2 Re8 46. Rc2 Re6 47. e5 dxe5 48. Bxe5 Re8 49. Rd7 Nd8 50. Bc7 Rb7 51. Rxd8 Rxd8 52. Bxd8 Rd7 53. Bxa5 Rd3+ 54. Kg2 Bd6 55. Nxd6 Rxd6 56. Bc7 Rd7 57. Bb6 c4 58. a5 Rb7 59. Re2 1-0

[Event "Chigorin Memorial 22nd"]
[Site "St Petersburg"]
[Date "2014.10.19"]
[Round "2"]
[White "Androsov, Sergey"]
[Black "Shugalei, Mikhail"]
[Result "1/2-1/2"]
[WhiteElo "2059"]
[BlackElo "1649"]
[PlyCount "92"]
[EventDate "2014.10.18"]
[EventType "swiss"]
[EventRounds "9"]
[EventCountry "RUS"]
[SourceTitle "EXT 2015"]
[Source "ChessBase"]
[SourceDate "2014.11.20"]
[SourceVersion "1"]
[SourceVersionDate "2014.11.20"]
[SourceQuality "1"]

1. e4 d6 2. d4 g6 3. Nf3 Bg7 4. Bc4 e6 5. 0-0 Ne7 6. Bb3 0-0 7. Bg5 Nd7 8. Nbd2 b6 9. Qe2 c5 10. c3 Bb7 11. Rad1 Re8 12. Rfe1 Qc7 13. Qe3 d5 14. Bxe7 dxe4 15. Nxe4 cxd4 16. Qg5 Bxe4 17. Rxe4 f6 18. Qh4 Rxe7 19. Nxd4 Nc5 20. Nxe6 Nxe6 21. Rxe6 Rxe6 22. Bxe6+ Kh8 23. Qh3 Rd8 24. Rxd8+ Qxd8 25. Qf3 Qe7 26. Qc6 Bf8 27. Kf1 Qd6 28. Qxd6 Bxd6 29. Ke2 Kg7 30. h3 f5 31. Kd3 Kf6 32. Bg8 h6 33. Kc4 Bc5 34. f3 a5 35. b4 axb4 36. cxb4 Bf2 37. a4 Ke5 38. Bh7 g5 39. g4 f4 40. Be4 Kd6 41. a5 bxa5 42. bxa5 Kc7 43. Kd5 Kb8 44. Ke5 Ka7 45. Bd3 Be1 46. a6 Bh4 1/2-1/2